000 00550nai a2200169Ia 4500
003 IN-BaIIA
008 211028c9999 xx s 000 0 eng d
022 _a0577-9073 (Online)
040 _cIIA Library
245 0 _aChinese Journal of Physics
_h[eJournal]
260 _aNew York
_bElsevier
310 _aBi-monthly
362 _a54(1); 2016 - Present
521 _bSubscribed through National Knowledge Resource Consortium (NKRC)
856 _uhttps://www.sciencedirect.com/science/journal/05779073
_yClick Here to Access eJournal
942 _cEJ
999 _c34180
_d34180